000 00665cam a2200229 4500500
005 20260405001952.0
041 _afre
042 _adc
100 1 0 _aDupuy, Jean-Pierre
_eauthor
245 0 0 _aLa corruption du meilleur engendre le pire
260 _c2015.
500 _a99
690 _aDécroissance
690 _aIvan Illich
690 _aJean-Pierre Dupuy
690 _aMal
690 _amesure
690 _aModernité
690 _aProductivisme
786 0 _nPhilosophie magazine | 88 | 4 | 2015-04-01 | p. 51-51 | 1951-1787
856 4 1 _uhttps://shs.cairn.info/magazine-philosophie-magazine-2015-4-page-51?lang=fr&redirect-ssocas=7080
999 _c2052845
_d2052845